=LDR 00000nam 2200000 4500 =001 INLIS000000000006477 =005 20251110111245 =035 ##$$a 0010-1125000351 =007 ta =008 251110###########################0#ind## =082 ##$$a 307.12 =084 ##$$a 307.12 RAA a =100 #$$a Raanan Weitz =245 1#$$a A Model For The Planning Of New Settlement Project /$c Badan Koordinasi Keluarga Berencana Nasional =260 ##$:$b Badan Koordinasi Keluarga Berencana Nasional,$c 1980 =300 ##$$a 19 Hal : $b Ilus ; $c 21 =650 #4$$a Keluarga Berencana =700 #$$a David Pelley =700 #$$a Levia Applebaum =856 ##$$a Perpustakaan Kemendukbangga